| 000 | 01273cas a22003495a 4500 | ||
|---|---|---|---|
| 001 | 13041309 | ||
| 005 | 20230413151603.0 | ||
| 008 | 021224c20019999hu x 0 0eng d | ||
| 010 | _a 2003214552 | ||
| 020 | _a1902796837 | ||
| 022 |
_a1588-9025 _y1586-0655 |
||
| 035 | _a(OCoLC)ocm47633638 | ||
| 040 |
_aCUY _cCUY _dDLC |
||
| 043 | _ae-hu--- | ||
| 050 | 0 | 0 |
_aHB9 _b.P83 |
| 082 |
_a519.5 _bSTB |
||
| 130 | 0 |
_aBusiness studies (Miskolc (Hungary)) _9111894 |
|
| 245 | 0 | 0 |
_aBusiness studies / _ca publication of the University of Miskolc. |
| 260 |
_a[Miskolc, Hungary] : _bMiskolc University Press, _c2001- |
||
| 300 |
_av. ; _c24 cm. |
||
| 310 | _aIrregular | ||
| 362 | 0 | _aVol. 1, no. 1 (2001)- | |
| 650 | 0 |
_aEconomics _vPeriodicals. _919225 |
|
| 650 | 0 |
_aEconomics _zHungary _xPeriodicals. _9111895 |
|
| 651 | 0 |
_aHungary _xEconomic conditions _y1989- _vPeriodicals. _9111896 |
|
| 710 | 2 |
_aMiskolci Egyetem (Hungary) _9111897 |
|
| 780 | 0 | 0 |
_tPublications of the University of Miskolc. Series F, Economic sciences _x1219-543X _w(DLC) 97640074 |
| 906 |
_a7 _bcbc _cserials _d2 _encip _f20 _gn-oclcserc |
||
| 942 |
_2ddc _cBK |
||
| 999 |
_c594506 _d594506 |
||